La Venus del cuadro (Registro nro. 144817)

Detalles MARC
000 -LEADER
campo de control de longitud fija 00610nam a2200205 4500
001 - NÚMERO DE CONTROL
campo de control 144817
003 - IDENTIFICADOR DE NÚMERO DE CONTROL
campo de control ES-MaACL
007 - CAMPO FIJO DE DESCRIPCIÓN FÍSICA--INFORMACIÓN GENERAL
campo de control de longitud fija t|
008 - DATOS DE LONGITUD FIJA--INFORMACIÓN GENERAL
campo de control de longitud fija 070214s1954 sp r ||||1| spa d
100 1# - ENTRADA PRINCIPAL--NOMBRE DE PERSONA
Nombre de persona Slaughter, Frank G.
9 (RLIN) 106773
245 13 - MENCIÓN DEL TÍTULO
Título La Venus del cuadro
Resto del título : (novela) /
Mención de responsabilidad, etc. Frank G. Slaughter ; [traducción del inglés por Gloria Martinengo].
250 ## - MENCION DE EDICION
Mención de edición 1ª ed.
260 ## - PUBLICACIÓN, DISTRIBUCIÓN, ETC.
Lugar de publicación, distribución, etc. Barcelona :
Nombre del editor, distribuidor, etc. Planeta,
Fecha de publicación, distribución, etc. 1954 (
Fabricante Horta)
300 ## - DESCRIPCIÓN FÍSICA
Extensión 421 p. ;
Dimensiones 19 cm.
490 1# - MENCIÓN DE SERIE
Mención de serie Luyve
700 1# - ENTRADA AGREGADA--NOMBRE PERSONAL
Nombre de persona Martinengo, Gloria.
9 (RLIN) 77702
830 0# - PUNTO DE ACCESO ADICIONAL DE SERIE-TÍTULO UNIFORME
Título uniforme Luyve
9 (RLIN) 181395
852 ## - LOCALIZACIÓN
Ubicación ES-MaACL
Número de control de estantería C-8444
Sublocalización o colección R.36113
Existencias
Estatus retirado Estado de pérdida Estado de daño No para préstamo Biblioteca de origen Biblioteca actual Ubicación en estantería Fecha de adquisición Fuente de adquisición Total de préstamos Signatura topográfica completa Código de barras Visto por última vez Precio de reemplazo Tipo de ítem Koha
        Biblioteca del Ateneo de Madrid Biblioteca del Ateneo de Madrid Sala Palomar 17/01/2008     C-8444 1151056 23/02/2023 23/02/2023 Libro impreso